00532nam a2200205 a 4500001001300000003000900013005001700022008004100039020001000080082001600090100002100106245001900127250001400146260006200160300000900222500003500231505001300266650002600279700002100305nice12345678IN_TiNIC20260116011343.0050524s1887 hyda grp 000 0 ara  ac10000a297.24bSAL aSalabi, Ibraheem aQisasal Ambiya a50th ed.  aHyderabadbInst.Of Indo-Middle East Cultural Studiec1887 a613p aincludes index and biblioraphy2 aArchives aProphets in the Quran1 aSalabi, Ibraheem